[Event "Lichtenrader Herbst"]
[Site "Berlin-Lichtenrade"]
[Date "2015.10.30"]
[Round "7.13"]
[White "Peters, Alex"]
[Black "Cusnariov, Nikolai"]
[Result "1-0"]
[WhiteElo "2262"]
[BlackElo "2118"]
[PlyCount "75"]
[EventDate "2015.??.??"]
[WhiteTeam "Brühler SK"]
[BlackTeam "USV Potsdam"]

1. b3 Nf6 2. Bb2 e6 3. e3 Be7 4. Nf3 b6 5. d4 O-O 6. Be2 d5 7. O-O Bb7 8. Nbd2
c5 9. dxc5 Bxc5 10. Ne5 Nbd7 11. Nxd7 Nxd7 12. Bd3 Nf6 13. Qe2 Qe7 14. Ba6 Bxa6
15. Qxa6 Rac8 16. Rac1 Bb4 17. c3 Bd6 18. c4 Bb4 19. Nf3 dxc4 20. Rxc4 Rxc4 21.
Qxc4 a5 22. g3 Qb7 23. Ng5 Qd5 24. Qxd5 Nxd5 25. Rc1 h6 26. Nf3 Bc5 27. Bd4
Bxd4 28. Nxd4 Rd8 29. Kf1 e5 30. Nc6 Re8 31. e4 Nf6 32. f3 Kf8 33. Ke2 Re6 34.
Na7 Ke8 35. Rc7 Re7 36. Rxe7+ Kxe7 37. Nc8+ Kd7 38. Nxb6+ 1-0

[Event "Lichtenrader Herbst"]
[Site "Berlin-Lichtenrade"]
[Date "2015.10.30"]
[Round "7.14"]
[White "Bergstrom, Rolf"]
[Black "Arndt, Uwe"]
[Result "1/2-1/2"]
[WhiteElo "2285"]
[BlackElo "2019"]
[PlyCount "142"]
[EventDate "2015.??.??"]
[BlackTeam "BSV 63 Chemie Weißensee"]

1. e4 c6 2. d4 d5 3. exd5 cxd5 4. c4 Nf6 5. Nc3 e6 6. Nf3 Be7 7. cxd5 Nxd5 8.
Bd3 Nc6 9. O-O O-O 10. Re1 Bf6 11. Be4 Nce7 12. Qd3 g6 13. Ne5 Nxc3 14. Qxc3
Nd5 15. Qf3 Bg7 16. Be3 a5 17. Rac1 a4 18. a3 Qb6 19. Rc2 Qb3 20. Bd2 Bxe5 21.
dxe5 Qxf3 22. Bxf3 Bd7 23. Bh6 Rfc8 24. Rd2 Ra5 25. h4 Rc4 26. h5 Bc6 27. Kh2
Rac5 28. Be4 f5 29. exf6 Nxf6 30. Bxc6 Rxh5+ 31. Kg3 bxc6 32. Rd8+ Kf7 33. Be3
Rg4+ 34. Kf3 Rf5+ 35. Ke2 Rxg2 36. Rc1 Ng4 37. Rxc6 Nxe3 38. Kxe3 Rgxf2 39.
Rd7+ Kf6 40. Rxh7 Rxb2 41. Rh4 Rb3+ 42. Kd4 Rxa3 43. Re4 Rg3 44. Rcxe6+ Kg7 45.
Ra6 a3 46. Re3 Rf4+ 47. Ke5 Rxe3+ 48. Kxf4 Rb3 49. Kg4 Kh6 50. Kh4 Kg7 51. Kg4
Kf7 52. Kf4 Rc3 53. Ke5 Rf3 54. Ra7+ Kg8 55. Ke4 Rf5 56. Rxa3 Kg7 57. Rf3 Ra5
58. Kf4 Kf6 59. Kg3+ Kg5 60. Rb3 Kh5 61. Rc3 g5 62. Kg2 Ra4 63. Rb3 Ra1 64. Rc3
Kh4 65. Rb3 g4 66. Rc3 Ra2+ 67. Kg1 g3 68. Rc8 Re2 69. Rh8+ Kg4 70. Rg8+ Kf3
71. Rf8+ Ke3 1/2-1/2

[Event "Lichtenrader Herbst"]
[Site "Berlin-Lichtenrade"]
[Date "2015.10.30"]
[Round "7.15"]
[White "Steponavicius, Stasys"]
[Black "Schnabel, Bennett"]
[Result "1-0"]
[WhiteElo "2194"]
[BlackElo "2063"]
[PlyCount "119"]
[EventDate "2015.??.??"]
[WhiteTeam "Kaunas Margiris"]
[BlackTeam "SV Mattnetz Berlin"]

1. d4 d5 2. c4 e6 3. Nc3 c6 4. e3 f5 5. Qc2 Nf6 6. Bd3 Ne4 7. Nge2 Bd6 8. g3
O-O 9. f3 Nxc3 10. Nxc3 Qf6 11. Bd2 Na6 12. a3 c5 13. Nb5 Bb8 14. cxd5 cxd4 15.
Nxd4 exd5 16. Bc3 Qe7 17. Bxa6 bxa6 18. Kf2 h5 19. Bb4 Bd6 20. Bxd6 Qxd6 21.
Qc6 Qxc6 22. Nxc6 Bd7 23. Nd4 Rab8 24. b3 g5 25. f4 g4 26. Rac1 Rfc8 27. Ke2
Kf7 28. Kd2 Ke7 29. Rxc8 Rxc8 30. Rc1 Rxc1 31. Kxc1 a5 32. Kc2 Kd6 33. Kc3 a6
34. Nc2 Bb5 35. Kd4 Bc6 36. Ne1 Bb5 37. Ng2 Bd7 38. Nh4 Be6 39. Ng6 Bf7 40. Ne5
Be8 41. Nd3 Bd7 42. Nc5 Bc8 43. Na4 Bd7 44. Nb6 Be6 45. Kc3 Kc6 46. Na4 Kd6 47.
Kd4 Bd7 48. Nc5 Bc8 49. Nd3 Bd7 50. Ne5 Be8 51. a4 h4 52. gxh4 Bh5 53. Nd3 g3
54. hxg3 Bd1 55. Nc5 Be2 56. Nb7+ Kc6 57. Nxa5+ Kd6 58. b4 Bd1 59. Nb7+ Kc6 60.
Nc5 1-0

[Event "Lichtenrader Herbst"]
[Site "Berlin-Lichtenrade"]
[Date "2015.10.30"]
[Round "7.16"]
[White "Zschaebitz, Klaus"]
[Black "Krefenstein, Sergej"]
[Result "0-1"]
[WhiteElo "2066"]
[BlackElo "2205"]
[PlyCount "64"]
[EventDate "2015.??.??"]
[WhiteTeam "Berliner SchGes Eckbauer"]
[BlackTeam "TuS Makkabi Berlin"]

1. Nf3 c5 2. c4 g6 3. g3 Bg7 4. Bg2 Nc6 5. O-O e6 6. Nc3 Nge7 7. d3 O-O 8. Bg5
h6 9. Bf4 e5 10. Bd2 d6 11. a3 Be6 12. Rb1 a5 13. Qc1 Kh7 14. Qc2 b6 15. Na4 d5
16. b4 axb4 17. axb4 Nxb4 18. Bxb4 cxb4 19. Rxb4 dxc4 20. dxc4 Ra6 21. Rfb1 e4
22. Nd2 Nc6 23. Rxb6 Nd4 24. Qd1 Rxa4 25. Qxa4 Nxe2+ 26. Kh1 Qxd2 27. Rd1 Qg5
28. h4 Qc5 29. Rxe6 fxe6 30. Qb3 Qxf2 31. Kh2 Rf3 32. Qb8 Rxg3 0-1

[Event "Lichtenrader Herbst"]
[Site "Berlin-Lichtenrade"]
[Date "2015.10.30"]
[Round "7.17"]
[White "Holinka, Henning"]
[Black "Marzano, Carlo"]
[Result "1/2-1/2"]
[WhiteElo "2009"]
[BlackElo "2152"]
[PlyCount "46"]
[EventDate "2015.??.??"]
[WhiteTeam "Hamburger SK"]

1. e4 d6 2. d4 Nf6 3. Nc3 e5 4. dxe5 dxe5 5. Qxd8+ Kxd8 6. Bg5 Be6 7. O-O-O+
Nbd7 8. Nf3 Kc8 9. Bb5 c6 10. Ba4 Bb4 11. Bxf6 Nxf6 12. Nxe5 Bxc3 13. bxc3 Nxe4
14. Rde1 Nxc3 15. Bb3 Nd5 16. Re4 Kc7 17. Rhe1 Rhe8 18. Nf3 Bd7 19. Bxd5 cxd5
20. Re7 Kd6 21. Rxf7 Rxe1+ 22. Nxe1 Re8 23. Kd2 Re7 1/2-1/2

[Event "Lichtenrader Herbst"]
[Site "Berlin-Lichtenrade"]
[Date "2015.10.30"]
[Round "7.19"]
[White "Haas, Frank-Martin"]
[Black "Gebigke, Martin"]
[Result "1/2-1/2"]
[WhiteElo "2143"]
[BlackElo "2128"]
[PlyCount "37"]
[EventDate "2015.??.??"]
[WhiteTeam "SV Walldorf"]
[BlackTeam "SC Kreuzberg"]

1. e4 c5 2. Nf3 d6 3. Bb5+ Bd7 4. Bxd7+ Qxd7 5. c4 Nf6 6. Nc3 g6 7. d4 cxd4 8.
Nxd4 Bg7 9. f3 O-O 10. O-O Rc8 11. b3 d5 12. exd5 Nxd5 13. Nxd5 e6 14. Bh6 exd5
15. Bxg7 Kxg7 16. cxd5 Qxd5 17. Ne2 Qxd1 18. Rfxd1 a5 19. Rac1 1/2-1/2

[Event "Lichtenrader Herbst"]
[Site "Berlin-Lichtenrade"]
[Date "2015.10.30"]
[Round "7.20"]
[White "Bolk, Matthias"]
[Black "Hahlbohm, Matthias"]
[Result "1-0"]
[WhiteElo "2087"]
[BlackElo "2065"]
[PlyCount "133"]
[EventDate "2015.??.??"]
[BlackTeam "TSG Oberschöneweide"]

1. e4 c5 2. Nc3 Nc6 3. Bb5 e6 4. Bxc6 bxc6 5. d3 d5 6. f4 Nf6 7. Nf3 Ba6 8. e5
Nd7 9. b3 Be7 10. O-O Nb6 11. Ba3 g6 12. Qd2 Qd7 13. Rfd1 Qc7 14. Qf2 Nd7 15.
Na4 Qa5 16. c4 O-O 17. Rac1 Rfc8 18. cxd5 cxd5 19. d4 Rc7 20. Qd2 Qb5 21. dxc5
Rac8 22. Nd4 Qb8 23. Qa5 Bb7 24. Nb5 Rc6 25. Qxa7 Qa8 26. Qxa8 Bxa8 27. Na7
R8c7 28. Nxc6 Bxc6 29. Nb6 Nb8 30. b4 Kf8 31. Bb2 Ra7 32. a3 Na6 33. Nc8 Ra8
34. Nxe7 Kxe7 35. Kf2 Kd7 36. g4 Nc7 37. h4 Ba4 38. Rd3 Bb5 39. c6+ Ke7 40. Rd2
Ra6 41. Rdc2 Kd8 42. Rc5 Kc8 43. Ke3 Ra8 44. Kd4 Be2 45. g5 Bb5 46. Rxb5 Nxb5+
47. Kc5 Nc7 48. Rb1 Rb8 49. Bc3 Nb5 50. Bb2 Nc7 51. h5 Rb5+ 52. Kd4 Rb6 53.
hxg6 hxg6 54. Rc1 Kd8 55. Rc2 Kc8 56. Bc1 Kd8 57. Bd2 Ra6 58. Bc1 Rb6 59. Rc5
Nb5+ 60. Rxb5 Rxb5 61. Bd2 Kc7 62. a4 Rb8 63. Kc5 Ra8 64. a5 d4 65. b5 Rd8 66.
b6+ Kc8 67. c7 1-0

[Event "Lichtenrader Herbst"]
[Site "Berlin-Lichtenrade"]
[Date "2015.10.31"]
[Round "8.1"]
[White "Romanishin, Oleg M"]
[Black "Kovalev, Andrei"]
[Result "1/2-1/2"]
[WhiteElo "2474"]
[BlackElo "2534"]
[PlyCount "27"]
[EventDate "2015.??.??"]

1. d4 Nf6 2. Nf3 g6 3. c4 Bg7 4. g3 O-O 5. Bg2 d6 6. O-O Nc6 7. Nc3 Bf5 8. Bd2
Ne4 9. Be1 e5 10. d5 Nxc3 11. Bxc3 Nb8 12. c5 Na6 13. cxd6 Qxd6 14. Nd2 1/2-1/2

[Event "Lichtenrader Herbst"]
[Site "Berlin-Lichtenrade"]
[Date "2015.10.31"]
[Round "8.2"]
[White "Stremavicius, Titas"]
[Black "Meister, Jakob"]
[Result "1-0"]
[WhiteElo "2466"]
[BlackElo "2437"]
[PlyCount "103"]
[EventDate "2015.??.??"]
[WhiteTeam "Kaunas Margiris"]
[BlackTeam "SK Zehlendorf"]

1. c4 e6 2. Nc3 d5 3. d4 c6 4. e3 f5 5. Bd3 Nf6 6. Nge2 Bd6 7. Qc2 O-O 8. Bd2
Kh8 9. g3 Na6 10. a3 dxc4 11. Bxc4 Nc7 12. f4 b5 13. Bd3 c5 14. Nxb5 Nxb5 15.
Bxb5 Bb7 16. Rg1 Ne4 17. Bd3 Rc8 18. Bc3 cxd4 19. exd4 Nf6 20. Qd2 Bc7 21. Bb4
Bd6 22. h3 Be4 23. Bxd6 Qxd6 24. Kf2 Ba8 25. Qe3 Qb6 26. b4 Be4 27. Rgc1 Qb7
28. Bxe4 Nxe4+ 29. Kg1 Rcd8 30. Nc3 Nf6 31. Na4 Rd6 32. Nc5 Qf7 33. Re1 Re8 34.
Rad1 h6 35. Rd2 Kh7 36. Rde2 Qc7 37. Qb3 Qc8 38. Rxe6 Rxd4 39. Rxe8 Nxe8 40.
Qe3 Rd8 41. Ne6 Nf6 42. Nxd8 Qxd8 43. Qxa7 Ne4 44. Qe3 Qd7 45. Kh2 Qd5 46. Re2
Qc4 47. g4 Nf6 48. gxf5 Qb5 49. Qe5 Qd3 50. Rg2 Nh5 51. f6 Nxf6 52. Qc7 1-0

[Event "Lichtenrader Herbst"]
[Site "Berlin-Lichtenrade"]
[Date "2015.10.31"]
[Round "8.3"]
[White "Danin, Alexandre"]
[Black "Rietze, Clemens"]
[Result "1-0"]
[WhiteElo "2579"]
[BlackElo "2279"]
[PlyCount "137"]
[EventDate "2015.??.??"]
[WhiteTeam "Bochumer SV"]
[BlackTeam "SC Rotation Pankow"]

1. e4 c5 2. Nf3 e6 3. d4 cxd4 4. Nxd4 Nc6 5. Nc3 Qc7 6. Be3 a6 7. Be2 Nf6 8.
O-O Bb4 9. Na4 Bd6 10. g3 Be7 11. Nxc6 bxc6 12. Nb6 Rb8 13. Nxc8 Rxc8 14. Qd4
c5 15. Qc4 Rb8 16. b3 Rb4 17. Qxa6 Nxe4 18. Bb5 Nc3 19. Bd2 Rxb5 20. Bxc3 Rb6
21. Qa4 Bf6 22. Ba5 Bxa1 23. Rxa1 Ke7 24. Rd1 d6 25. Qg4 g6 26. Qh4+ f6 27. Qh6
Kf7 28. Re1 d5 29. Re3 Qc6 30. Bxb6 Qxb6 31. h4 Qd8 32. Rf3 Qf8 33. Qf4 Qe7 34.
Qh6 Qf8 35. Qd2 Qd6 36. Rc3 Kg7 37. Rc4 Ra8 38. a4 Ra6 39. Rc3 Rc6 40. Qe2 d4
41. Rc4 Qd5 42. a5 e5 43. Ra4 e4 44. a6 Rc8 45. a7 d3 46. Qxe4 Qxe4 47. Rxe4 f5
48. Re3 dxc2 49. Rc3 Ra8 50. Rxc5 Rxa7 51. Rxc2 Ra1+ 52. Kg2 Rb1 53. Rc3 Kf6
54. Re3 f4 55. Rf3 g5 56. hxg5+ Kxg5 57. gxf4+ Kf5 58. Rc3 Kxf4 59. Rc4+ Kg5
60. Rb4 h5 61. Rb8 Rb2 62. b4 Kg4 63. b5 h4 64. b6 h3+ 65. Kh1 Rxf2 66. b7 Rf1+
67. Kh2 Rf2+ 68. Kg1 h2+ 69. Kh1 1-0

[Event "Lichtenrader Herbst"]
[Site "Berlin-Lichtenrade"]
[Date "2015.10.31"]
[Round "8.4"]
[White "Lerch, Philipp"]
[Black "Malek, Daniel"]
[Result "0-1"]
[WhiteElo "2307"]
[BlackElo "2426"]
[PlyCount "112"]
[EventDate "2015.??.??"]
[WhiteTeam "SC Kreuzberg"]
[BlackTeam "SK Zehlendorf"]

1. e4 e5 2. Nf3 Nf6 3. d4 Nxe4 4. Bd3 d5 5. Nxe5 Nd7 6. Nxd7 Bxd7 7. O-O Bd6 8.
c4 c6 9. cxd5 cxd5 10. Nc3 Nxc3 11. bxc3 O-O 12. Qh5 g6 13. Qxd5 Qc7 14. Bh6
Rfe8 15. h3 Be6 16. Qg5 Qxc3 17. Qf6 Bf8 18. Bxf8 Rxf8 19. Be4 Rad8 20. Rfd1
Bd5 21. Rdc1 Qa3 22. Bxd5 Rxd5 23. Rc7 Qb2 24. Re1 Rf5 25. Qh4 Qxa2 26. Rxb7
Qd2 27. Rf1 a5 28. Ra7 Re8 29. Ra6 Kg7 30. Rb6 Rf4 31. Qg5 Qxd4 32. Qxa5 Re2
33. Kh2 Rfxf2 34. Rxf2 Qxf2 35. Qa1+ Kh6 36. Qg1 Qf4+ 37. Kh1 Qe4 38. Rf6 Re3
39. Qc1 Kg7 40. Qb2 Kg8 41. Qb8+ Kg7 42. Qb2 Rxh3+ 43. Kg1 Rh1+ 44. Kxh1 Qh4+
45. Kg1 Qxf6 46. Qb7 Qd4+ 47. Kh2 h5 48. Qe7 Qf4+ 49. Kg1 h4 50. Qd7 Kh6 51.
Qd3 Kg7 52. Qc3+ Qf6 53. Qd3 g5 54. Qd7 Qf4 55. Qh3 Qg3 56. Qf5 h3 0-1

[Event "Lichtenrader Herbst"]
[Site "Berlin-Lichtenrade"]
[Date "2015.10.31"]
[Round "8.5"]
[White "Baldauf, Marco"]
[Black "Peters, Alex"]
[Result "1-0"]
[WhiteElo "2404"]
[BlackElo "2262"]
[PlyCount "35"]
[EventDate "2015.??.??"]
[WhiteTeam "SF 1903 Berlin"]
[BlackTeam "Brühler SK"]

1. d4 e6 2. c4 Nf6 3. Nc3 Bb4 4. f3 c5 5. d5 d6 6. e4 e5 7. Bd3 Nh5 8. Nge2
Bxc3+ 9. bxc3 O-O 10. h4 f5 11. exf5 Nf4 12. g4 Ng2+ 13. Kf2 Nxh4 14. Ng3 b5
15. Qd2 bxc4 16. Bxc4 h6 17. Nh5 g6 18. Qxh6 1-0

[Event "Lichtenrader Herbst"]
[Site "Berlin-Lichtenrade"]
[Date "2015.10.31"]
[Round "8.6"]
[White "Boetzer, Detlef"]
[Black "Chkhaidze, Nikoloz"]
[Result "1-0"]
[WhiteElo "2226"]
[BlackElo "2323"]
[PlyCount "55"]
[EventDate "2015.??.??"]
[WhiteTeam "SC Rotation Pankow"]

1. d4 Nf6 2. Bg5 d5 3. Bxf6 gxf6 4. c4 dxc4 5. e3 c5 6. Bxc4 cxd4 7. exd4 Nc6
8. Ne2 Bg7 9. Nbc3 O-O 10. O-O Bg4 11. Qd2 e5 12. d5 Rc8 13. Bb3 Na5 14. Ng3 f5
15. f3 f4 16. fxg4 fxg3 17. h3 Qb6+ 18. Kh1 Nxb3 19. axb3 Qxb3 20. Rxa7 e4 21.
Nxe4 Rc2 22. Rxb7 Qc4 23. Qf4 Qxd5 24. Qf3 Rd8 25. Rxf7 Qe5 26. Qb3 Rf2 27.
R7xf2+ Kh8 28. Nxg3 1-0

[Event "Lichtenrader Herbst"]
[Site "Berlin-Lichtenrade"]
[Date "2015.10.31"]
[Round "8.7"]
[White "Solys, Laimutis"]
[Black "Lagunow, Raphael"]
[Result "1-0"]
[WhiteElo "2344"]
[BlackElo "2164"]
[PlyCount "71"]
[EventDate "2015.??.??"]
[WhiteTeam "Kaunas Margiris"]
[BlackTeam "SK Zehlendorf"]

1. d4 d5 2. c4 c6 3. Nf3 Nf6 4. Nc3 dxc4 5. a4 Bf5 6. Ne5 Nbd7 7. Nxc4 Nb6 8.
Ne5 a5 9. f3 Nfd7 10. Nxd7 Nxd7 11. e4 Bg6 12. Be3 e5 13. dxe5 Nxe5 14. f4
Qxd1+ 15. Rxd1 Nd7 16. e5 Bb4 17. Bc4 Bf5 18. Kf2 Rd8 19. Kf3 h5 20. h3 h4 21.
Ne4 Bg6 22. Nd6+ Ke7 23. Kf2 Nc5 24. f5 Bh5 25. Rd4 f6 26. Rxh4 g5 27. exf6+
Kxf6 28. Ne4+ Kxf5 29. Nxg5 Kf6 30. g4 Bg6 31. Rxh8 Rxh8 32. Bd4+ Kxg5 33. Bxh8
Ne4+ 34. Ke3 Bd2+ 35. Kd4 Bb4 36. Ke5 1-0

[Event "Lichtenrader Herbst"]
[Site "Berlin-Lichtenrade"]
[Date "2015.10.31"]
[Round "8.8"]
[White "Potseluev, Sergey"]
[Black "Kasparov, Sergey"]
[Result "0-1"]
[WhiteElo "2085"]
[BlackElo "2482"]
[PlyCount "134"]
[EventDate "2015.??.??"]

1. d4 c5 2. d5 Nf6 3. c4 b5 4. cxb5 a6 5. b6 d6 6. Nc3 Nbd7 7. e4 g6 8. Nf3 Bg7
9. Be2 Qxb6 10. O-O O-O 11. h3 Rb8 12. Qc2 Ne8 13. Rb1 Nc7 14. Bg5 Re8 15. Rfc1
a5 16. Na4 Qa7 17. Bd2 Ba6 18. Bc3 Bh6 19. Bd2 Bxe2 20. Bxh6 Bxf3 21. gxf3 Ne5
22. Kg2 Qa6 23. a3 Rb7 24. Be3 Reb8 25. b3 Qd3 26. Qxd3 Nxd3 27. Rc3 Ne5 28.
Nxc5 dxc5 29. Rxc5 a4 30. b4 Nb5 31. Bf4 f6 32. Bxe5 fxe5 33. f4 exf4 34. Kf3
Rf8 35. e5 Rf5 36. Re1 Rf8 37. Rd1 Nxa3 38. Ra1 Nb5 39. Rxa4 Kg7 40. Ke4 g5 41.
Kd3 h5 42. Kc4 Rfb8 43. Ra5 Nc7 44. b5 Rd8 45. Ra1 Nxb5 46. Ra6 Nc7 47. Rac6
Nxd5 48. Rxd5 Rb4+ 49. Kxb4 Rxd5 50. Re6 Kf7 51. Rh6 h4 52. Rh7+ Ke6 53. Kc4
Rxe5 54. Kd3 Re1 55. Rh8 Kf7 56. Rh6 f3 57. Rh5 Kg6 58. Rh8 e5 59. Rf8 e4+ 60.
Kd4 Re2 61. Ke5 e3 62. Rf6+ Kh5 63. Rxf3 exf2+ 64. Kf6 Re4 65. Rxf2 Rf4+ 66.
Rxf4 gxf4 67. Kf5 f3 0-1

[Event "Lichtenrader Herbst"]
[Site "Berlin-Lichtenrade"]
[Date "2015.10.31"]
[Round "8.9"]
[White "Bruedigam, Martin"]
[Black "Bolk, Matthias"]
[Result "1-0"]
[WhiteElo "2375"]
[BlackElo "2087"]
[PlyCount "113"]
[EventDate "2015.??.??"]
[WhiteTeam "SK König Tegel"]

1. e4 c5 2. Nf3 d6 3. Bb5+ Nd7 4. d4 cxd4 5. Qxd4 a6 6. Bxd7+ Bxd7 7. c4 h6 8.
O-O e5 9. Qd3 Nf6 10. Nc3 Be7 11. a4 O-O 12. Be3 Ng4 13. Nd5 Nxe3 14. Nxe3 Be6
15. Rfd1 Rc8 16. b3 g6 17. Nd5 Bxd5 18. Qxd5 Qc7 19. Nd2 Qc6 20. Nf1 Qxd5 21.
Rxd5 f5 22. Rad1 f4 23. Nd2 Rc5 24. Kf1 Kf7 25. Ke2 Ke6 26. b4 Rxd5 27. exd5+
Kd7 28. f3 Rc8 29. Kd3 b6 30. Ne4 Rc7 31. Ra1 Rb7 32. Rb1 Rb8 33. Rb2 Rb7 34.
Rb3 Rb8 35. Kc2 Rc8 36. Kd3 Rb8 37. Rb2 Rb7 38. h3 Rb8 39. Kc3 Rc8 40. Ra2 Rc7
41. Kb3 Rb7 42. a5 b5 43. Rc2 bxc4+ 44. Rxc4 Rc7 45. b5 Rb7 46. b6 h5 47. Rc6
Bf8 48. Kc2 Be7 49. Kd3 Bf8 50. Ke2 Be7 51. Nc3 Bd8 52. Na2 Rb8 53. Nb4 Ra8 54.
Kd3 Ke7 55. Nxa6 Rxa6 56. b7 Rxc6 57. dxc6 1-0

[Event "Lichtenrader Herbst"]
[Site "Berlin-Lichtenrade"]
[Date "2015.10.31"]
[Round "8.10"]
[White "Muse, Mladen"]
[Black "Noetzel, Felix"]
[Result "1-0"]
[WhiteElo "2380"]
[BlackElo "2110"]
[PlyCount "87"]
[EventDate "2015.??.??"]
[WhiteTeam "SK König Tegel"]
[BlackTeam "SF 1903 Berlin"]

1. c4 e6 2. g3 d5 3. Bg2 Nf6 4. Nf3 c6 5. d4 Nbd7 6. Nbd2 Bd6 7. O-O O-O 8. Qc2
Re8 9. b3 e5 10. cxd5 cxd5 11. dxe5 Nxe5 12. Bb2 Nc6 13. e3 Bg4 14. Nd4 Nb4 15.
Qb1 Rc8 16. a3 Nc6 17. Nxc6 bxc6 18. Qd3 Qe7 19. b4 Qe6 20. Nb3 Bh3 21. Bxh3
Qxh3 22. Bxf6 gxf6 23. Rfd1 f5 24. Qf1 Qh5 25. Rac1 Kh8 26. Rd4 f4 27. exf4 Re6
28. Qd1 Qh3 29. Nd2 Rce8 30. Nf3 Be7 31. Qf1 Qh5 32. Qg2 Bf6 33. Rdd1 Bd8 34.
Nd4 Re4 35. Qf3 Qh3 36. Nxc6 Bb6 37. Ne5 f6 38. Rxd5 Bxf2+ 39. Kxf2 Qxh2+ 40.
Kf1 Re2 41. Qxe2 Qh1+ 42. Kf2 Qxd5 43. Ng6+ Kg7 44. Rc7+ 1-0

[Event "Lichtenrader Herbst"]
[Site "Berlin-Lichtenrade"]
[Date "2015.10.31"]
[Round "8.11"]
[White "Muse, Drazen"]
[Black "Prilleltensky, Matan"]
[Result "1/2-1/2"]
[WhiteElo "2393"]
[BlackElo "2150"]
[PlyCount "52"]
[EventDate "2015.??.??"]
[WhiteTeam "SK König Tegel"]
[BlackTeam "Marshall Chess Club"]

1. c4 e5 2. Nc3 Bb4 3. g3 Bxc3 4. bxc3 Nc6 5. e4 Nge7 6. Bg2 O-O 7. Ne2 d6 8.
O-O Be6 9. d3 Qd7 10. Qb3 Rab8 11. Be3 b6 12. Rad1 Kh8 13. Qc2 Bh3 14. Nc1 Bxg2
15. Kxg2 f5 16. f3 Rf7 17. Qe2 Rbf8 18. Nb3 Qe6 19. Bg1 Qg6 20. Nd2 Nd8 21. d4
Ne6 22. Kh1 Ng5 23. h4 Ne6 24. Qg2 Qh5 25. dxe5 dxe5 26. exf5 Qxf5 1/2-1/2

[Event "Lichtenrader Herbst"]
[Site "Berlin-Lichtenrade"]
[Date "2015.10.31"]
[Round "8.12"]
[White "Kather, Yannick"]
[Black "Foerster, Jonas"]
[Result "0-1"]
[WhiteElo "2052"]
[BlackElo "2261"]
[PlyCount "80"]
[EventDate "2015.??.??"]
[WhiteTeam "SC Weisse Dame (Berlin)"]
[BlackTeam "SSC Rostock"]

1. e4 g6 2. d4 Bg7 3. Nf3 d6 4. Nc3 Nd7 5. Bc4 e6 6. Bg5 Ne7 7. Qd2 h6 8. Be3
Nb6 9. Bd3 d5 10. O-O dxe4 11. Nxe4 Nbd5 12. Ne5 Nf5 13. c4 Ndxe3 14. fxe3 O-O
15. Kh1 c5 16. Nxc5 Bxe5 17. dxe5 Qc7 18. b4 b6 19. Nb3 Qxe5 20. e4 Nd4 21.
Qxh6 Bb7 22. Rae1 Rad8 23. Nc1 Nc6 24. a3 Rd4 25. Re3 a5 26. b5 Ne7 27. Nb3
Rdd8 28. a4 Rxd3 29. Rxd3 Qxe4 30. Rg3 Nf5 31. Qf4 Nxg3+ 32. Qxg3 Qxc4 33. Rf4
Qc2 34. h4 Bxg2+ 35. Qxg2 Qxb3 36. Qf2 e5 37. Rf6 Rd8 38. Kh2 e4 39. Qg2 Kg7
40. Rf2 e3 0-1

[Event "Lichtenrader Herbst"]
[Site "Berlin-Lichtenrade"]
[Date "2015.10.31"]
[Round "8.13"]
[White "Piotrowski, Christopher"]
[Black "Steponavicius, Stasys"]
[Result "0-1"]
[WhiteElo "2104"]
[BlackElo "2194"]
[PlyCount "36"]
[EventDate "2015.??.??"]
[WhiteTeam "SK König Tegel"]
[BlackTeam "Kaunas Margiris"]

1. c4 e5 2. g3 Nf6 3. Bg2 d5 4. cxd5 Nxd5 5. Nc3 Nb6 6. Nf3 Nc6 7. O-O Be7 8.
a3 Be6 9. b4 O-O 10. Rb1 f6 11. d3 Nd4 12. Nd2 c6 13. Bb2 a5 14. b5 Nxb5 15.
Nxb5 cxb5 16. Bxb7 Rb8 17. Bg2 Na4 18. Bc6 Qb6 0-1

[Event "Lichtenrader Herbst"]
[Site "Berlin-Lichtenrade"]
[Date "2015.10.31"]
[Round "8.14"]
[White "Arndt, Uwe"]
[Black "Schnabel, Ralf"]
[Result "0-1"]
[WhiteElo "2019"]
[BlackElo "2241"]
[PlyCount "80"]
[EventDate "2015.??.??"]
[WhiteTeam "BSV 63 Chemie Weißensee"]
[BlackTeam "ESV Nickelhütte Aue"]

1. d4 f5 2. g3 Nf6 3. Bg2 g6 4. Nh3 Nc6 5. c4 Bg7 6. Nc3 d6 7. Rb1 O-O 8. Nf4
e5 9. dxe5 dxe5 10. Qxd8 Nxd8 11. Nfd5 Rf7 12. Bg5 c6 13. Nxf6+ Bxf6 14. Bxf6
Rxf6 15. b4 Be6 16. c5 e4 17. Kd2 Nf7 18. Rhd1 Rd8+ 19. Ke3 Re8 20. f4 exf3 21.
Kxf3 Ne5+ 22. Kf4 Nf7 23. h4 h6 24. e4 fxe4+ 25. Ke3 Bg4 26. Rd4 Bf3 27. Rf1
Rfe6 28. Bh3 Re5 29. Rd7 R8e7 30. Rd4 Kg7 31. Rf2 g5 32. Bc8 h5 33. Rfd2 gxh4
34. gxh4 Nh6 35. Rd7 Ng4+ 36. Kf4 e3 37. Rxe7+ Rxe7 38. Kxf3 Rf7+ 39. Ke2 Rf2+
40. Kd3 Rxd2+ 0-1

[Event "Lichtenrader Herbst"]
[Site "Berlin-Lichtenrade"]
[Date "2015.10.31"]
[Round "8.15"]
[White "Krefenstein, Sergej"]
[Black "Flohr, Marcel"]
[Result "1-0"]
[WhiteElo "2205"]
[BlackElo "1914"]
[PlyCount "65"]
[EventDate "2015.??.??"]
[WhiteTeam "TuS Makkabi Berlin"]

1. e4 e5 2. Nf3 Nc6 3. Bb5 Nf6 4. d3 Bc5 5. O-O Ng4 6. c3 a6 7. Ba4 h5 8. d4
Ba7 9. Na3 b5 10. Bb3 Na5 11. Bc2 Qe7 12. b4 Nc6 13. d5 Nd8 14. Rb1 Rb8 15. c4
d6 16. cxb5 axb5 17. Bd3 Bd7 18. Qe2 O-O 19. h3 f5 20. exf5 Bxf5 21. Bxf5 Rxf5
22. Qe4 Rxf3 23. Qxf3 Qh4 24. Be3 Nf7 25. Bxa7 Ra8 26. Nxb5 Nf6 27. a4 Ne4 28.
Be3 Rxa4 29. Nxc7 Nc3 30. Ra1 e4 31. Qf5 Nh6 32. Bxh6 Ne2+ 33. Kh2 1-0

[Event "Lichtenrader Herbst"]
[Site "Berlin-Lichtenrade"]
[Date "2015.10.31"]
[Round "8.16"]
[White "Lyell, Mark"]
[Black "Richter, Goetz"]
[Result "1-0"]
[WhiteElo "2285"]
[BlackElo "2078"]
[PlyCount "57"]
[EventDate "2015.??.??"]
[BlackTeam "Klub Kölner SF"]

1. e4 c5 2. c3 Qa5 3. Nf3 Nc6 4. Na3 d6 5. Bb5 e5 6. O-O Bd7 7. d4 Qc7 8. Nc4
Nf6 9. dxe5 Nxe5 10. Bxd7+ Qxd7 11. Ncxe5 dxe5 12. Nxe5 Qxd1 13. Rxd1 Be7 14.
f3 O-O 15. Nd7 Rfd8 16. Nxf6+ Bxf6 17. Be3 Be7 18. Kf2 Kf8 19. Ke2 Ke8 20.
Rxd8+ Rxd8 21. Rd1 Rxd1 22. Kxd1 Kd7 23. Kc2 b5 24. c4 a6 25. Kd3 b4 26. e5 Ke6
27. Ke4 f5+ 28. exf6 gxf6 29. g4 1-0

[Event "Lichtenrader Herbst"]
[Site "Berlin-Lichtenrade"]
[Date "2015.10.31"]
[Round "8.17"]
[White "Federau, Juergen"]
[Black "Bergstrom, Rolf"]
[Result "0-1"]
[WhiteElo "2129"]
[BlackElo "2285"]
[PlyCount "86"]
[EventDate "2015.??.??"]
[WhiteTeam "SC Kreuzberg"]

1. d4 Nf6 2. c4 e6 3. Nc3 Bb4 4. e3 b6 5. Nge2 Ne4 6. Qc2 Bb7 7. f3 Nxc3 8.
bxc3 Be7 9. e4 Nc6 10. Ng3 h5 11. Bd3 h4 12. Nf1 Na5 13. Qe2 d6 14. Be3 Ba6 15.
Nd2 Qd7 16. O-O Qa4 17. f4 O-O-O 18. Rfb1 c5 19. Rf1 Kb8 20. e5 f5 21. d5 g6
22. Rad1 Bb7 23. dxe6 h3 24. g3 Qc6 25. Nf3 Ka8 26. Kf2 dxe5 27. Nxe5 Qxe6 28.
Nf3 Rde8 29. Bc1 Qc6 30. Ne5 Qe6 31. Rfe1 Bf6 32. Qc2 Qc8 33. Re3 Bxe5 34. fxe5
Qc6 35. Rg1 Re6 36. Be2 Qc7 37. Bf3 Nxc4 38. Bxb7+ Qxb7 39. Re2 Nxe5 40. Bf4
Qf3+ 41. Ke1 Rhe8 42. Kd1 Nd3 43. Rge1 Nxe1 0-1

[Event "Lichtenrader Herbst"]
[Site "Berlin-Lichtenrade"]
[Date "2015.10.31"]
[Round "8.18"]
[White "Gruzmann, Boris"]
[Black "Holinka, Henning"]
[Result "1-0"]
[WhiteElo "2250"]
[BlackElo "2009"]
[PlyCount "120"]
[EventDate "2015.??.??"]
[WhiteTeam "Lübecker SV"]
[BlackTeam "Hamburger SK"]

1. e4 g6 2. d4 Bg7 3. Nc3 a6 4. Be3 d6 5. Qd2 b5 6. f3 Nd7 7. h4 h5 8. Nh3 Bb7
9. Ng5 Rc8 10. a4 b4 11. Nd1 a5 12. Bc4 e6 13. c3 c5 14. Bb5 Ngf6 15. Nf2 Qe7
16. Rd1 Bc6 17. Qe2 O-O 18. O-O Bxb5 19. Qxb5 Rb8 20. Qxa5 Ra8 21. Qb5 Rfb8 22.
Qe2 Rxa4 23. Ra1 Nb6 24. dxc5 dxc5 25. Qb5 Rxa1 26. Rxa1 Nfd7 27. cxb4 cxb4 28.
Bf4 Rc8 29. Rd1 Bxb2 30. Bd6 Qf6 31. Qxb4 Qc3 32. Qxc3 Rxc3 33. Nd3 Ba3 34.
Bxa3 Rxa3 35. f4 Nc4 36. Nf2 Nf6 37. Rd8+ Kg7 38. e5 Nh7 39. Nxh7 Kxh7 40. Ne4
Ne3 41. Ng5+ Kg7 42. Rd7 Ra1+ 43. Kf2 Ng4+ 44. Ke2 Ra2+ 45. Ke1 Rxg2 46. Nxe6+
Kg8 47. Rd8+ Kh7 48. Ng5+ Kg7 49. Rd7 Nh6 50. e6 Rg1+ 51. Ke2 Rg2+ 52. Kf3 Ra2
53. e7 Ra3+ 54. Ke2 Ra2+ 55. Rd2 Ra8 56. Rd8 Ra2+ 57. Kd1 Ra1+ 58. Kc2 Ra2+ 59.
Kb3 Re2 60. e8=Q Rxe8 1-0